000 00231nam a22000857a 4500
008 160714b xxu||||| |||| 00| 0 eng d
100 _92857
_a Alberty, H.B
245 _aReorganizing the High Curriculam
260 _aNew elhi
_b Light
_c1962
999 _c2432
_d2432